1117 1161 1744 1470 1943 1347 1282 1784 1292 1708 1437 1123 1796 1153 1957 1001 1767 1143 1038 1603 1094 1268 1352 1985 1828 1129 1066 1860 1035 1753 1391 1066 1917 1668 1822 1936 1220 1294 1256 1215 1971 1349 1598 1899 1220 1626 1404 1769 1902 1275 1707 1641 1416 1500 1213 1757 1060 1221 1314 1293 1771 1146 1611 1496 1352 1236 1983 1987 1811 1070 1202 1208 1934 1922 1549 1782 1133 1494 1844 1257 1762 1255 1369 1142 1729 1204 1040 1193 1842 1221 1330 1710 1932 1208 1195 1972 1959 1701 1469 BCNSPRNW ULIB Ver.6.0+V

เปลี่ยนเป็นภาษาไทย

Change to English
 แสดงรายละเอียดบรรณานุกรม
  กลับหน้าหลัก

Brief Record : Get Marc (ISO 2709) : E-mail record : QR code < ปิดหน้าต่าง
LEADER : 00000nam 2200000uu 4500
001    13399125541
003     ULIB
008    170623s2559||||th 000 0 tha d
020    ^a9786163448101
060 04 ^aWB100^bภ414ห
100 0  ^aภาคภูมิ เดชหัสดิน
245 10 ^aหมอแล๊บ...ความเชื่อผิดๆชิดซ้าย เรื่องหลอกลวงชิดขวา /^cภาคภูมิ เดชหัสดิน
260    ^aกรุงเทพฯ :^bto share publishing house,^c2559.
300    ^a180 หน้า :^bภาพประกอบ ;^c18 ซม.
650  7 ^aสุขภาพ ^vรวมเรื่อง
945    ^p180^l0^i25217
999    ^aกัณชพร
รายการนี้ยังไม่มีแท็ก
คุณยังไม่ได้ล็อกอิน คุณสามารถมีกิจกรรมร่วมกับเว็บไซต์ได้ แต่ต้องล็อกอินก่อน ::
  ล็อกอิน

รายการสื่อสารสนเทศ

ลำดับที่ ประเภท เลขเรียก/บาร์โค้ด สถานที่ สถานะ
1. การศึกษาทั่วไป
การศึกษาทั่วไป
WB100 ภ414ห ฉ.1 
  Barcode: 25217
ห้องสมุดวิทยาเขตนครสวรรค์
►หนังสือทั่วไป:l:General Books
บนชั้น

รายการใกล้เคียง
    ผู้แต่ง [ภาคภูมิ เดชหัสดิน]

BibComment


ยังไม่เคยถูกคอมเมนท์

คอมเมนท์ทรัพยากรรายการนี้
  คอมเมนท์: หมอแล๊บความเชื่อ..


 Copyright 2026. Bcnsprnw @Library